000 00434nam a22001697a 4500
003 NUST - PNEC
005 20170116181039.0
008 150921b xxu||||| |||| 00| 0 eng d
020 _a8122406696
040 _cLIBRARY
082 _a621.81 PAB
100 _911541
_aPabla, B. S
245 _aCNC Machines
_cPabla, B. S
260 _cc 1994
650 _911501
_aMachine-tools--Numerical control--Programming
_xME
942 _2ddc
_cBK
999 _c68042
_d68042